000
00219nam a2200085Ia 4500
245
0
_a
Reincarnation
100
_a
Weyn, Suzanne New York, [2009]
_9
86556
942
_c
BK
008
210817s9999 xx 000 0 und d
999
_c
352225
_d
352224